000 00548nam a22001937a 4500
003 OSt
005 20140310181805.0
008 130704t xxu||||| |||| 00| 0 eng d
020 _a0553263706
050 _aPC 4640
_b.W721 1989
082 _aREF 423
_bW67 1989
245 _aSpanish and English dictionary. Diccionario Ingles y Espaol /
_cWilliams, Edwin B.
260 _aNew York
_bBantam Books
_cc1989.
300 _ax, 724 p. ;
_c22 cm.
521 _aBasic Ed. Students
541 _j1
562 _e1
942 _2lcc
_cBK-GR
_kREF
999 _c3765
_d3765